Hodnotenie kapitálovej primeranosti vybraných bánk na Slovensku diplomová práca

Uložené v:
Podrobná bibliografia
Hlavný autor: Herold, Robert
Korporativný autor: Národohospodárska fakulta EU. Katedra bankovníctva a medzinárodných financií
Ďalší autori: Tkáčová, Daniela, 1954-
Médium: Kniha
Jazyk:Slovak
Vydavateľské údaje: Bratislava 2021
Tagy: Pridať tag
Žiadne tagy, Buďte prvý, kto otaguje tento záznam!

MARC

LEADER 00000nbm a2200000 4500
001 0274151
005 20220110135218.9
041 0 |a slo 
044 |a SK 
245 1 0 |a Hodnotenie kapitálovej primeranosti vybraných bánk na Slovensku  |b diplomová práca  |c Robert Herold ; školiteľ: Daniela Tkáčová 
264 1 |a Bratislava  |c 2021 
300 |a 63 s. 
100 1 |a Herold, Robert 
700 1 |a Tkáčová, Daniela, 1954- 
710 2 |a Národohospodárska fakulta EU. Katedra bankovníctva a medzinárodných financií